00625nam a2200157 i 4500001000700000003000900007005001700016008004100033040002000074100005600094245013200150260007300282300004300355700003400398852003500432156743ES-MaACL20251003170627.0991116s1859 fr |||| | fre d aCAM bspa cCAM1 aUrsins, Marie-Anne de La Tremoille, cPricesse des10aLettres inédites de la princesse des Ursins / crecueillies et publiées avec une introduction et des notes par A. Geffroy. aParis : bDidier, c1859 (fImprimerie de P.-A. Bourdier et c\pie\s) aLXIII, 495 p., [1] h. pleg. ; c23 cm.1 aGeffroy, Auguste, d1820-1895 aES-MaACLjC-357 z-- Enc. hol.